Trzyliterowe odpowiedzi #2 - Statystyki

Ogólne statystyki
  • Ten quiz został rozwiązany 73 razy
  • Średni wynik to 11 z 15
Statystyki odpowiedzi
Podpowiedź Odpowiedź % Poprawnych
Trwa 365 dni (lub 366) Rok
100%
Jeden z miesięcy Maj
98%
Idzie ___ nieborak Rak
98%
Producent samochodów z Korei Południowej Kia
88%
Chroni np. sejf Kod
88%
Odgłos wydawany przez kaczkę Kwa
83%
Fortyfikacja obronna w Chinach która powstała by chronić państwo od najazdów z północy; także symbol Zimnej Wojny Mur
78%
Rzeka tworząca północną granicę Polsko-Ukraińską i południową granicę Polsko-Białoruską Bug
72%
Druga osoba w Biblii Ewa
69%
Raper który stworzył "Gangnam Style" Psy
69%
Zatwierdza coś Tak
66%
Ssak z rodziny jeleniowatych Łoś
55%
Ptak z rodziny drozdowatych charakteryzujący się czarnym upierzeniem i żółtym dziobem (u samców) oraz ich piękny śpiew Kos
47%
Najczęstsze słowo w języku angielskim The
28%
Dawna nazwa Tokio Edo
13%
Nie znaleziono quizów pasujących do podanych kryteriów
Rozkład punktacji
Procent ludzi z każdym wynikiem
Percentyl według liczby udzielonych odpowiedzi
Twoja historia wyników
Nie rozwiązałeś tego quizu